Born in Brussels - Statistics

General Stats
  • This quiz has been taken 38 times
    7 since last reset
  • The average score is 11 of 22
Answer Stats
Hint Answer % Correct
former King of Belgium and owner of the Congo Free State 1835 Leopold II
100%
King of Belgium from 1993 to 2013 1934 Albert II.
86%
British actress, "Breakfast at Tiffany's" "Roman Holiday" 1929 Audrey Hepburn
71%
Singer and actor, best selling Belgian recording artist of all time. "Ne me quitte pas" ""Amsterdam" 1929 Jacques Brel
71%
Three-time Olympic gold medalist in the heptathlon event 1994 Nafissatou Thiam
71%
Singer, "Alors on danse" "Papaoutai" 1985 Stromae
71%
German politician and President of the European Commission since 2019 1958 Ursula von der Leyen
71%
Cartoonist and creator of "The Adventures of Tintin" 1907 Hergé
57%
Cartoonist and creator of "The Smurfs" 1928 Peyo
57%
King of Belgium since 2013 1960 Philippe
57%
Footballer who plays for Chelsea and the Belgian national team 2004 Roméo Lavia
57%
Footballer who plays for Las Palmas and the Belgian national team (former ManU, Dortmund and Real Sociedad player) 1995 Adnan Januzaj
43%
Former racing driver, six times champion of the 24 hours of Le Mans and Formula One Driver 1945 Jacky Ickx
43%
DJ and record producer, "Are you with Me" "Reality" 1993 Lost Frequencies
43%
Footballer who plays for Eintracht Frankfurt and the Belgian national team (former Chelsea, Marseille, Dortmund and all three big Istanbul clubs player) 1993 Michy Batshuayi
43%
French director, "Cléo from 5 to 7" "Vagabond" 1928 Agnès Varda
29%
Director, "Jeanne Dielman, 23 quai du Commerce, 1080 Bruxelles" 1950 Chantal Akerman
29%
Cartoonist and creator of "Blake and Mortimer" 1904 Edgar P. Jacobs
29%
President of the International Olympic Committee from 1925 to 1942 1876 Henri de Baillet-Latour
29%
President of the International Peace Bureau and Nobel Prize for Peace laureate 1913 1854 Henri La Fontaine
29%
Actor, "Saint Laurent" "My Way" "Brotherhood of the Wolf" 1981 Jérémie Renier
29%
Cartoonist and creator of "Le Chat" 1954 Philippe Geluck
29%
No matching quizzes found
Score Distribution
Percent of People with Each Score
Percentile by Number Answered
Your Score History
You have not taken this quiz since the last reset